Jung Kook - Standing Next To You - Statistics

General Stats
  • This quiz has been taken 48 times
  • The average score is 146 of 214
Answer Stats
Answer % Correct
i
100%
next
100%
(next
100%
standing
100%
to
100%
you
100%
(you
100%
you)
100%
the
95%
fire
80%
it
80%
know)
80%
know
80%
right
80%
rain
75%
take
75%
thay
75%
they
75%
we
75%
all
70%
can't
70%
in
70%
pain
70%
this
70%
and
65%
be
65%
deep
65%
DNA
65%
here
65%
i'll
65%
love
65%
of
65%
our
65%
survive
65%
body
60%
deeper
60%
deny
60%
like
60%
night
60%
test
60%
than
60%
that
60%
time
60%
away
55%
it's
55%
moon
55%
oh
55%
screaming
55%
slow
55%
us
55%
when
55%
afterglow
50%
long
50%
make
50%
off
50%
sun
50%
testify
50%
we'll
50%
divide
45%
funk
45%
lovin'
45%
me
45%
push
45%
rock
45%
something
45%
up
45%
control
40%
leave
40%
(let
40%
miracles
40%
promise
40%
swear
40%
already
35%
give
35%
how
35%
is
35%
on
35%
ya
35%
flock
30%
known
30%
left
30%
golden
25%
play
15%
ay
5%
No matching quizzes found
Score Distribution
Percent of People with Each Score
Percentile by Number Answered
Your Score History
You have not taken this quiz